ბათუმის შოთა რუსთაველის სახელმწიფო უნივერსიტეტის ბიბლიოთეკა

ოდეს შავისგან თეთრის გამორჩევის ჟამი დადგება = Aklı karalı seçilen çağda : (ბიბ.ჩანაწერი № 60842)

000 -ლიდერი
ფიქსირებული სიგრძის საკონტროლო ველი 01390nam a22002297a 4500
003 - საკონტროლო ნომრის იდენტიფიკატორი
საკონტროლო ველი Ge_BSU
005 - ბოლო ოპერაციის თარიღი და დრო
საკონტროლო ველი 20231106163212.0
008 - ფიქსირებული სიგრძის მონაცემთა ელემენტები - ზოგადი ინფორმაცია
ფიქსირებული სიგრძის საკონტროლო ველი 231106s2020 ge ||||| |||| 00| 0 geo d
020 ## - წიგნის საერთაშორისო სტანდარტული ნომერი
International Standard Book Number 9789941820892
041 ## - ენის კოდი
Language code of text/sound track or separate title geo
080 ## - უნივერსალური ათობითი კლასიფიკაციის ინდექსი
Universal Decimal Classification number 821.512.161.09-91-343 ჯ-14
100 ## - მთავარი ჩანაწერი - პიროვნების სახელი
Personal name ჯაველიძე, ელიზბარ
9 (RLIN) 17629
245 ## - ცნობა სათაურის შესახებ
Title ოდეს შავისგან თეთრის გამორჩევის ჟამი დადგება = Aklı karalı seçilen çağda :
Remainder of title (თურქული ფოლკლორის ესთეტიკა და მორალური მრწამსი). ტომი 1 /
Statement of responsibility, etc ელიზბარ ჯაველიძე ; რედაქტორი ნ. ლ. ჯაველიძე.
264 ## - წარმოების, გამოცემის, დისტრიბუციის და სხვა ცნობები
გამოცემის, წარმოების, დისტრიბუციის... ადგილი თბილისი,
გამოცემის, წარმოების, დისტრიბუციის... თარიღი 2020.
300 ## - ფიზიკური აღწერა
Extent 344 გვ.;
Other physical details 25 სმ.
490 ## - სერიის ცნობა
Series statement თურქულენოვან ხალხთა ზნეობრივ-ესთეტიკური სამყარო
653 ## - INDEX TERM--UNCONTROLLED
Uncontrolled term თურქული ხალხური ეპოსი
700 ## - ADDED ENTRY--PERSONAL NAME
Personal name ჯაველიძე, ნ. ლ.
Relator term რედაქტორი
9 (RLIN) 20287
773 ## - HOST ITEM ENTRY
Title ნაჩუქარი
856 ## - ELECTRONIC LOCATION AND ACCESS
Uniform Resource Identifier https://dspace.nplg.gov.ge/bitstream/1234/322037/1/OdesShavisaganTetrisGamorchevisJamiDadgeba.pdf
Link text ელ. ვერსია. pdf
942 ## - ADDED ENTRY ELEMENTS (KOHA)
Source of classification or shelving scheme
Koha item type წიგნი
ეგზემპლარები
ჩამოწერის სტატუსი დაკარგული ეგზემპლარის სტატუსი კლასიფიკაციის წყარო ან თაროზე გაწყობის სქემა დაზიანების სტატუსი არ გაიცემა მუდმივი მდებარეობა (დაცვის ადგილი) ამჟამინდელი ადგილსამყოფელი თაროზე განთავსების ადგილი შეძენის თარიღი ღირებულება, შესყიდვის ნორმალური ფასი სრული შენახვის შიფრი შტრიხკოდი ბოლო ოპერაციის თარიღი ეგზემპლარის მიმდევრობითი ნომერი (კეტერი?) ფასის ძალაში შესვლის თარიღი ეგზემპლარის სახეობა საჯარო შენიშვნა
          ბათუმის შოთა რუსთაველის სახელმწიფო უნივერსიტეტის მთავარი ბიბლიოთეკა ბათუმის შოთა რუსთაველის სახელმწიფო უნივერსიტეტის მთავარი ბიბლიოთეკა წიგნსაცავი 2023-11-06 15.00 821.512.161.09-91-343 ჯ-14 66696 2023-11-06 66696 2023-11-06 წიგნი 15 ლ.